| 000 | nam a22 a 4500 | ||
|---|---|---|---|
| 999 |
_c56954 _d56954 |
||
| 003 | BLK | ||
| 005 | 20220805173621.0 | ||
| 008 | 180408b bul|||||r ||||||| ||bul|| | ||
| 010 | _aKNG00060941000 | ||
| 040 | _aBLK | ||
| 041 |
_aBUL _cBUL |
||
| 080 |
_aОбщи въпроси на селското стопанство _b631 _x(075.8) _z631(075.8) |
||
| 100 | 1 |
_aКовачев, Димитър _eпърви автор _9287235 |
|
| 139 |
_aКовачев, Димитър и др. _bК 72 |
||
| 245 | 1 | 0 |
_aЗемеделие _bУчебник за студентите от ССА Г. Димитров _cДимитър Ковачев, Надежда Фетваджиева, Аврам Желев. |
| 257 | _aBGR | ||
| 260 |
_aСофия _bЗемиздат _c1973 |
||
| 300 |
_a445 с. _c24 см |
||
| 380 | _a63 | ||
| 650 | 4 |
_aЗемеделие - учебници за ВУЗ _9250239 |
|
| 700 | 1 |
_aФетваджиева, Надежда _eсъавт. _9287236 |
|
| 700 | 1 |
_aЖелев, Аврам _eсъавт. _9287237 |
|
| 852 |
_aЦб 69268 _bЦб |
||
| 942 |
_cKNG _n0 _s1 |
||
| 944 |
_aCR _c13.06.2004 _kЧиталня |
||
| 944 |
_aED _c2022-08-05 _kГГГ |
||